| 000 | 00624nam a2200181Ia 4500 | ||
|---|---|---|---|
| 003 | GCL | ||
| 008 | 140319s9999 xx 000 0 ara d | ||
| 040 |
_aGCL / _cGCL |
||
| 082 | 0 | 4 |
_a839.82 _bا ب |
| 100 | 1 | _aابسن، هنريك | |
| 245 | 1 | 0 |
_aبيت الدمية: مسرحية اجتماعية فى ثلاث فصول? / _cابسن، هنريك |
| 300 | _a147 ص | ||
| 490 |
_aمكتبة الفنون الدرامية _v0 |
||
| 650 | 0 | 4 | _aالمشاركة السياسية |
| 650 | 0 | 4 | _aالادب النرويجى المترجم |
| 650 | 0 | 4 | _aالمسرحيات النرويجية المترجمة |
| 942 |
_2ddc _cBK |
||
| 999 |
_c47324 _d47324 |
||